Normal view MARC view

Entry Nome pessoal

Number of records used in: 1

001 - NÚMERO DE CONTROLE

  • campo de controle: 1025

003 - IDENTIFICADOR DO NÚMERO DE CONTROLE

  • campo de controle: Br

005 - DATA E HORÁRIO DA ÚLTIMA TRANSAÇÃO

  • campo de controle: 20250902134337.0

008 - CAMPO DE DADOS FIXOS

  • campo de controle de tamanho fixo: 970822n| a naa aaa |

035 ## - NÚMERO DE CONTROLE DO SISTEMA

  • Número de Controle do Sistema: 97082215192321003

040 ## - FONTE DA CATALOGAÇÃO

  • Instituição da catalogação original: Br
  • Instituição que transcreveu o registro: Br

100 1# - CABEÇALHO--NOME PESSOAL

  • Nome pessoal: Scatamacchia, Cláudia,
  • Datas associadas ao nome: 1946-

670 ## - FONTE POSITIVA DOS DADOS

  • Citação da fonte positiva dos dados: Sec. de: Kwan, Michael David. O livro do contador de histórias chinês. 2004
  • Dados encontrados na fonte localizada no subcampo: (p. [3]: nasceu em São Paulo, em 1946; artista gráfica, pintora e ilustradora)

670 ## - FONTE POSITIVA DOS DADOS

  • Citação da fonte positiva dos dados: http://authorities.loc.gov 4/10/2017
  • Dados encontrados na fonte localizada no subcampo: (Ilustradora)

670 ## - FONTE POSITIVA DOS DADOS

  • Citação da fonte positiva dos dados: http://viaf.org/processed/NLI%7C000117116

Powered by Koha